Statistics for US States Bordering Oceans

Click here to take the quiz!

General Stats

  • This quiz has been taken 571 times
  • The average score is 22 of 23

Answer Stats

HintAnswer% Correct
PacificCalifornia
99%
Atlantic/Gulf of MexicoFlorida
99%
PacificWashington
99%
Gulf of MexicoTexas
98%
Pacific/ArcticAlaska
97%
AtlanticMaine
97%
AtlanticNew York
97%
PacificOregon
97%
Gulf of MexicoAlabama
95%
AtlanticGeorgia
95%
PacificHawaii
94%
Gulf of MexicoLouisiana
94%
AtlanticNew Jersey
94%
AtlanticNorth Carolina
94%
AtlanticSouth Carolina
94%
AtlanticRhode Island
93%
AtlanticMaryland
92%
AtlanticVirginia
92%
AtlanticDelaware
90%
Gulf of MexicoMississippi
90%
AtlanticMassachusetts
88%
AtlanticNew Hampshire
87%
AtlanticConnecticut
86%

Score Distribution

Percentile by Number Answered

Percent of People with Each Score

Your Score History

You have not taken this quiz